Obchodné a marketingové trendy bakalárska práca

Enregistré dans:
Détails bibliographiques
Auteur principal: Godinová, Zuzana
Collectivité auteur: Podnikovohospodárska fakulta EU so sídlom v Košiciach. Katedra obchodného podnikania
Autres auteurs: Petrovčiková, Katarína, 1977-
Format: Livre
Langue:slovaque
Publié: Košice 2019
Tags: Ajouter un tag
Pas de tags, Soyez le premier à ajouter un tag!

MARC

LEADER 00000nbm a2200000 4500
001 0256399
005 20191001085204.3
041 0 |a slo 
044 |a SK 
245 1 0 |a Obchodné a marketingové trendy  |b bakalárska práca  |c Zuzana Godinová ; školiteľ: Katarína Petrovčiková 
264 1 |a Košice  |c 2019 
300 |a 52 s. 
100 1 |a Godinová, Zuzana 
700 1 |a Petrovčiková, Katarína, 1977- 
710 2 |a Podnikovohospodárska fakulta EU so sídlom v Košiciach. Katedra obchodného podnikania